| 000 | 00722nam0a22002651 4500 | ||
|---|---|---|---|
| 001 | RU\NLR\INFOCOMM5\ROSSICA\1000298749 | ||
| 005 | 20250613190211.0 | ||
| 035 | _a(NLR Aleph) 009904745 | ||
| 090 |
_a10589068 _c10589068 |
||
| 100 | _a20030627d1821 |||y0rusy50 ca | ||
| 101 | 0 | _ager | |
| 102 | _aRU | ||
| 105 | _ay ||||000ay | ||
| 200 | 1 |
_aLeichenrede dem Herrn Joh. Geo. Fleegen den 4 Jul.1813 gehalten _fD.F. Zachert |
|
| 210 |
_aSt.Petersburg _d1821 |
||
| 215 | _d4° | ||
| 600 | 1 |
_aFleegen _bJ.G. _gJoh. Geo. _2PSBO |
|
| 700 | 1 |
_aZachert _bD.F. _4070 |
|
| 801 | 1 |
_aRU _bInfoComm _c20030627 |
|
| 801 | 0 |
_aRU _bNLR _gPSBO |
|
| 852 |
_aNLR _j21.5.2.241 |
||
| 942 | _cBOOK | ||
| 980 | _aNB | ||
| 980 | _aRossica | ||